Подробности
| 000 -МАРКЕР |
| контрольное поле |
01792nam0a2200349 4500 |
| 001 - ИДЕНТИФИКАТОР ЗАПИСИ |
| контрольное поле |
RU\NLR\bibl\320820 |
| 005 - ИДЕНТИФИКАТОР ВЕРСИИ |
| контрольное поле |
20260405160913.0 |
| 010 ## - МЕЖДУНАРОДНЫЙ СТАНДАРТНЫЙ НОМЕР КНИГИ (ISBN) |
| Номер (ISBN) |
5-7442-1243-4 |
| Тираж |
150 |
| 035 ## - ДРУГИЕ СИСТЕМНЫЕ НОМЕРА |
| Идентификатор записи |
(NLR Aleph) 000315861 |
| 100 ## - ДАННЫЕ ОБЩЕЙ ОБРАБОТКИ |
| Данные общей обработки |
20021017d2000 |||y0rusy50 ca |
| 101 0# - ЯЗЫК РЕСУРСА |
| Язык текста, звукозаписи и т.д. |
русский |
| Язык оглавления |
английский |
| 102 ## - СТРАНА ПУБЛИКАЦИИ ИЛИ ПРОИЗВОДСТВА |
| Страна публикации |
Российская Федерация |
| 105 ## - ПОЛЕ КОДИРОВАННЫХ ДАННЫХ: ТЕКСТОВЫЕ МАТЕРИАЛЫ, МОНОГРАФИЧЕСКИЕ |
| Кодированные данные о монографическом текстовом документе |
a ||||||||| |
| 200 1# - ЗАГЛАВИЕ И СВЕДЕНИЯ ОБ ОТВЕТСТВЕННОСТИ |
| Основное заглавие |
Климат Хабаровского края и Еврейской автономной области |
| Параллельное заглавие |
Climate of the Khabarovsk territory and Jewish autonomous region |
| Первые сведения об ответственности |
Е.С. Петров, П.В. Новороцкий, В.Т. Леншин |
| Последующие сведения об ответственности |
Рос. акад. наук. Дальневост. отд-ние, Ин-т вод. и эколог. пробл. |
| Язык параллельного заглавия |
английский |
| 210 ## - ПУБЛИКАЦИЯ, РАСПРОСТРАНЕНИЕ И ДР. |
| Место издания, распространения и т.д. |
Владивосток |
| -- |
Хабаровск |
| Имя издателя, распространителя и т. д. |
Дальнаука |
| Дата издания, распространения и т.д. |
2000 |
| 215 ## - ФИЗИЧЕСКАЯ ХАРАКТЕРИСТИКА |
| Специфическое обозначение материала и объем |
173 с. |
| Другие сведения о физической характеристике |
ил. |
| Размеры |
29 |
| 300 ## - ОБЩИЕ ПРИМЕЧАНИЯ |
| Текст примечания |
Авт. также на англ. яз.: E.S. Petrov, P.V. Novorotski, V.T. Lenshin |
| 320 ## - ПРИМЕЧАНИЯ О НАЛИЧИИ В ДОКУМЕНТЕ БИБЛИОГРАФИИ / УКАЗАТЕЛЯ |
| Текст примечания |
Библиогр.: с. 165-171 (182 назв.) |
| 510 0# - ПАРАЛЛЕЛЬНОЕ ЗАГЛАВИЕ |
| Параллельное заглавие |
Climate of the Khabarovsk territory and Jewish autonomous region |
| Язык заглавия |
английский |
| 606 0# - НАИМЕНОВАНИЕ ТЕМЫ КАК ПРЕДМЕТ |
| Наименование темы |
Климат |
| Географический подзаголовок |
Хабаровский край |
| Системный номер авторитетной/нормативной записи |
1634408 |
| Идентификатор авторитетной/нормативной записи |
RU\NLR\auth\66722184 |
| 606 0# - НАИМЕНОВАНИЕ ТЕМЫ КАК ПРЕДМЕТ |
| Наименование темы |
Климат |
| Географический подзаголовок |
Еврейская автономная область |
| Системный номер авторитетной/нормативной записи |
2265553 |
| Идентификатор авторитетной/нормативной записи |
RU\NLR\auth\661358149 |
| 686 ## - ИНДЕКСЫ ДРУГИХ КЛАССИФИКАЦИЙ |
| Индекс |
Д249(2Р55-4Х) |
| 686 ## - ИНДЕКСЫ ДРУГИХ КЛАССИФИКАЦИЙ |
| Индекс |
Д249(2Р55-4Х-6Е) |
| 700 #1 - ИМЯ ЛИЦА - ПЕРВИЧНАЯ ОТВЕТСТВЕННОСТЬ |
| Код отношения |
Автор |
| Материалы, к которым относится поле |
rus |
| Графика поля |
Кириллица |
| Начальный элемент ввода |
Петров |
| Часть имени, кроме начального элемента ввода |
Е. С. |
| Дополнения к именам, кроме дат |
канд. геогр. наук |
| Расширение инициалов личного имени |
Евгений Сергеевич |
| Идентификатор авторитетной/нормативной записи |
RU\NLR\auth\7767465 |
| Системный номер авторитетной/нормативной записи |
50393 |
| 701 #1 - ИМЯ ЛИЦА - АЛЬТЕРНАТИВНАЯ ОТВЕТСТВЕННОСТЬ |
| Начальный элемент ввода |
Леншин |
| Часть имени, кроме начального элемента ввода |
В. Т. |
| Расширение инициалов личного имени |
Василий Тимофеевич |
| Код отношения |
Автор |
| 701 #1 - ИМЯ ЛИЦА - АЛЬТЕРНАТИВНАЯ ОТВЕТСТВЕННОСТЬ |
| Начальный элемент ввода |
Новороцкий |
| Часть имени, кроме начального элемента ввода |
П. В. |
| Расширение инициалов личного имени |
Петр Васильевич |
| Код отношения |
Автор |
| 801 #0 - ИСТОЧНИК ЗАПИСИ |
| Страна |
Российская Федерация |
| Организация |
NLR |
| Дата составления |
20021017 |
| Правила каталогизации |
PSBO |
| 801 #1 - ИСТОЧНИК ЗАПИСИ |
| Страна |
Российская Федерация |
| Организация |
NLR |
| Дата составления |
20021017 |
| 942 ## - ДОПОЛНИТЕЛЬНЫЕ ЭЛЕМЕНТЫ ЗАПИСИ (АБИС) |
| Тип экземпляра АБИС |
Книга |
| 980 ## - КОЛЛЕКЦИЯ |
| Название коллекции |
Национальная библиография |